000 01014nam0a2200313 4500
001 RU\NLR\bibl\50757
005 20250616083855.0
010 _a5-89357-050-2
_93000
021 _aRU
_b99-30822
_91502
035 _a(NLR Aleph) 000049487
090 _a264235
_c264235
100 _a19991004d1999 |||y0rusy50 ca
101 0 _arus
102 _aRU
105 _ay |||||||||
200 1 _aРеальность Паблик рилейшнз
_fГ.В. Иванченко
210 _aМ.
_cСмысл
_d1999
215 _a151, [2] с.
_d20
225 1 _aБизнес-образование
320 _aБилиогр.: с. 140-151
606 0 _aПаблик рилейшнз
_91566104
_3RU\NLR\auth\66685660
686 _aС550.324
700 1 _aИванченко
_bГ. В.
_gГалина Владимировна
_4070
801 0 _aRU
_bNLR
_c19991004
_gPSBO
801 1 _aRU
_bNLR
_c19991004
852 _aNLR
_j99-3/11639
942 _cBOOK
980 _aNB